<?xml version="1.0" encoding="UTF-8"?><?xml-stylesheet type="text/xsl" href="static/style.xsl"?><OAI-PMH xmlns="http://www.openarchives.org/OAI/2.0/" xmlns:xsi="http://www.w3.org/2001/XMLSchema-instance" xsi:schemaLocation="http://www.openarchives.org/OAI/2.0/ http://www.openarchives.org/OAI/2.0/OAI-PMH.xsd"><responseDate>2026-06-03T04:49:48Z</responseDate><request verb="GetRecord" identifier="oai:riuma.uma.es:10630/25855" metadataPrefix="marc">https://riuma.uma.es/rest/oai/request</request><GetRecord><record><header><identifier>oai:riuma.uma.es:10630/25855</identifier><datestamp>2026-02-03T12:04:09Z</datestamp><setSpec>com_10630_2254</setSpec><setSpec>col_10630_37959</setSpec></header><metadata><record xmlns="http://www.loc.gov/MARC21/slim" xmlns:dcterms="http://purl.org/dc/terms/" xmlns:doc="http://www.lyncode.com/xoai" xmlns:xsi="http://www.w3.org/2001/XMLSchema-instance" xsi:schemaLocation="http://www.loc.gov/MARC21/slim http://www.loc.gov/standards/marcxml/schema/MARC21slim.xsd">
   <leader>00925njm 22002777a 4500</leader>
   <datafield ind2=" " ind1=" " tag="042">
      <subfield code="a">dc</subfield>
   </datafield>
   <datafield ind2=" " ind1=" " tag="720">
      <subfield code="a">Soto-Navarro, Francisco Javier</subfield>
      <subfield code="e">author</subfield>
   </datafield>
   <datafield ind2=" " ind1=" " tag="720">
      <subfield code="a">Jordà-Sánchez, Gabriel</subfield>
      <subfield code="e">author</subfield>
   </datafield>
   <datafield ind2=" " ind1=" " tag="720">
      <subfield code="a">Somot, Samuel</subfield>
      <subfield code="e">author</subfield>
   </datafield>
   <datafield ind2=" " ind1=" " tag="720">
      <subfield code="a">Sevault, Florence</subfield>
      <subfield code="e">author</subfield>
   </datafield>
   <datafield ind2=" " ind1=" " tag="260">
      <subfield code="c">2023-01</subfield>
   </datafield>
   <datafield ind2=" " ind1=" " tag="520">
      <subfield code="a">Med-CORDEX is an international initiative that aims at developing fully coupled high resolution Regional Climate System Models (RCSMs) for the Mediterranean basin.  After 11 years of work an ensemble of more than 25 multi-model and multi–scenario climatic simulations is now available. In this study, we analyze the impact of the high-resolution representation of the Mediterranean Sea and of the interaction between ocean and atmosphere, explicitly resolved in the Med-CORDEX simulations, in the projected evolution of the most relevant climatic variables for the Mediterranean basin and the adjacent regions during the 21st century. The final goal is to quantify up to what extent including the explicit and high-resolution representation of the ocean-atmosphere coupling is relevant for regional climate projections. The preliminary results show that, in general, higher resolution coupled simulations project a lower increase in the Sea Surface Temperature (SST) than lower resolution runs. This translates in a smaller input of heat and humidity to the atmosphere that, in turn, affect the cloud cover and precipitation over the basin and the adjacent continental areas. These changes are the result of a better representation of the Mediterranean Sea functioning in the Med-CORDEX RCSMs. In particular, they resolve better the mesoscale processes of the basin, which are partly responsible of the heat transport from the surface to deeper layers, and the ocean-atmosphere feedback that regulates the heat exchange.</subfield>
   </datafield>
   <datafield ind1="8" ind2=" " tag="024">
      <subfield code="a">https://hdl.handle.net/10630/25855</subfield>
   </datafield>
   <datafield tag="653" ind2=" " ind1=" ">
      <subfield code="a">Clima</subfield>
   </datafield>
   <datafield ind2="0" ind1="0" tag="245">
      <subfield code="a">The MED-CORDEX ensemble future climate projections for the Mediterranean Sea: impacts of the high resolution and ocean-atmosphere coupling</subfield>
   </datafield>
</record>
</metadata></record></GetRecord></OAI-PMH>